Analyzing Hyperonyms of Stack Overflow Posts

Communication among people is often a challenging task due to the different interpretations of the terms they use. The way people interpret the terms highly depends on the semantic context, where the notions were acquired. The different contexts provide somewhat distinct meanings to the terms used....

Teljes leírás

Elmentve itt :
Bibliográfiai részletek
Szerzők: Tóth László
Vidács László
Dokumentumtípus: Könyv része
Megjelent: IARIA XPS Press Wilmington (DE) 2021
Sorozat:The Seventh International Conference on Fundamentals and Advances in Software Systems Integration
Tárgyszavak:
mtmt:32492492
Online Access:http://publicatio.bibl.u-szeged.hu/25240
LEADER 02041naa a2200229 i 4500
001 publ25240
005 20220930102429.0
008 220930s2021 hu o 0|| Angol d
020 |a 9781612089232 
024 7 |a 32492492  |2 mtmt 
040 |a SZTE Publicatio Repozitórium  |b hun 
041 |a Angol 
100 1 |a Tóth László 
245 1 0 |a Analyzing Hyperonyms of Stack Overflow Posts  |h [elektronikus dokumentum] /  |c  Tóth László 
260 |a IARIA XPS Press  |b Wilmington (DE)  |c 2021 
300 |a 6 
300 |a 1-6 
490 0 |a The Seventh International Conference on Fundamentals and Advances in Software Systems Integration 
520 3 |a Communication among people is often a challenging task due to the different interpretations of the terms they use. The way people interpret the terms highly depends on the semantic context, where the notions were acquired. The different contexts provide somewhat distinct meanings to the terms used. In software development and integration, requirements engineering and customer support are primarily affected by the difficulties stemming from communication obstacles. The necessary information is often inadequately forwarded to developers resulting in poorly specified software requirements or misinterpreted user feedback. The communication difficulties mentioned can be solved by clarifying the meanings of the concepts used. Semantic networks built on different contexts are suitable tools for this purpose. This paper presents a formal description of the semantic network and the semantic space needed for the algorithmic treatment of the concepts. It provides a model for extracting hyperonymy and hyponymy relations from text corpora created in specific semantic domains. The model was applied on a corpus acquired from Stack Overflow containing conversations among the software developers to solve programming issues. 
650 4 |a Számítás- és információtudomány 
700 0 1 |a Vidács László  |e aut 
856 4 0 |u http://publicatio.bibl.u-szeged.hu/25240/3/32492492.pdf  |z Dokumentum-elérés